| 000 | 01013nam a2200313 a 4500 | ||
|---|---|---|---|
| 001 | lbc00005326 | ||
| 003 | jhcsc | ||
| 005 | 20210729072848.0 | ||
| 008 | 970207s2003 maua b 001 0 eng | ||
| 020 | _a0763714410 | ||
| 040 | _c0 | ||
| 082 | 0 | 0 | _a Txt 613 N86 2003 |
| 245 | 0 | 0 |
_aNurse as educator : _bprinciples of teaching and learning / _c[edited by] Susan B. Bastable. |
| 260 |
_aSudbury, Mass. : _bJones and Bartlett Publishers, _cc2001. |
||
| 300 |
_axvi, 571 p. : _bill. ; _c24 cm. |
||
| 504 | _aIncludes bibliographical references and index | ||
| 650 | 1 | 2 |
_aEducation, Nursing _xmethods. |
| 650 | 2 | 2 |
_aLearning _xNurses' instruction. |
| 650 | 2 | 2 |
_aTeaching _xNurses' instruction. |
| 650 | 0 | _aHealth education. | |
| 650 | 0 | _aLearning. | |
| 650 | 0 | _aTeaching. | |
| 650 |
_aPatient Education _xMethods. |
||
| 700 | 1 |
_aBastable, Susan Bacorn, _eed. |
|
| 942 |
_2ddc _cBOOK |
||
| 999 |
_c461 _d461 |
||